Cargando...
Public Expenditure Decision Making-the Indian experience /
| Autor Principal: | |
|---|---|
| Formato: | Printed Book |
| Publicado: |
New Delhi:
Sage,
1995.
|
| Edición: | 1st ed. |
| Subjects: |
| LEADER | 00569cam a2200181ua 4500 | ||
|---|---|---|---|
| 020 | |a 81-7036-480-9 | ||
| 082 | |a 336.39 |b ANU/P | ||
| 100 | 0 | |a Anuradha Basu, | |
| 245 | 0 | 0 | |a Public Expenditure Decision Making-the Indian experience / |
| 250 | |a 1st ed. | ||
| 260 | |a New Delhi: |b Sage, |c 1995. | ||
| 300 | |a 287p.. | ||
| 500 | |a Includes bibliography, index. | ||
| 650 | |a Public finance | ||
| 650 | 0 | |a Social science | |
| 942 | |c BK | ||
| 999 | |c 3121 |d 3121 | ||
| 952 | |0 0 |1 0 |4 0 |6 336_390000000000000_ANU |7 0 |9 3267 |a KUCL |b KUCL |d 2014-05-23 |l 0 |o 336.39 ANU/ |p 06251 |r 2014-05-23 |w 2014-05-23 |y BK | ||